Gaming Quiz

Random Gaming or Minecraft Quiz

Change a Letter: Video Games Quiz Stats

 Plays Quiz Updated May 2, 2018

Challenge
Share
Tweet
Embed
Score 0/12 Timer 03:00
3 Plays Today
% Correct
Zelda: Ocarina of Lime
83.6%
Assassins Freed
81.5%
Street Lighter
80.6%
Winecraft
80.3%
Comb Raider
78.5%
Mortal Wombat
78.4%
Half Lice
77.3%
Paw-Man
76.6%
Dart Souls
76.1%
Donkey Gong
76.1%
Spice Invaders
75.7%
BioShack
71.9%

You're not logged in!

Compare scores with friends on all Sporcle quizzes.
OR
Log In

You Might Also Like...

Show Comments

Extras

Top Quizzes Today


Score Distribution

Your Account Isn't Verified!

In order to create a playlist on Sporcle, you need to verify the email address you used during registration. Go to your Sporcle Settings to finish the process.

Report this User

Report this user for behavior that violates our Community Guidelines.

Details: